Diseño de un sistema de servicio al cliente para la OPC Cuscatlán : Grupo Financiero Cuscatlán de Costa Rica
Guardado en:
| Autor principal: | |
|---|---|
| Formato: | Libro |
| Publicado: |
San José, C.R.
2002
|
| Materias: | |
| Etiquetas: |
Agregar Etiqueta
Sin Etiquetas, Sea el primero en etiquetar este registro!
|
MARC
| LEADER | 00000nam a2200000Ia 4500 | ||
|---|---|---|---|
| 003 | 008986 | ||
| 005 | 20221231144152.0 | ||
| 008 | 140114s2002 cr a m 000 ||s d | ||
| 040 | |c cru CEDI | ||
| 090 | |a TFG 4547 | ||
| 100 | |a Madrigal Garabito, Manuel |9 7263 | ||
| 245 | |a Diseño de un sistema de servicio al cliente para la OPC Cuscatlán : Grupo Financiero Cuscatlán de Costa Rica | ||
| 260 | |c 2002 |a San José, C.R. | ||
| 300 | |a xiv, 175 hojas, [150] hojas : ilustraciones | ||
| 500 | |a Proyecto de graduación (licenciatura en ingeniería industrial)--Universidad de Costa Rica. Facultad de Ingeniería. Escuela de Ingeniería Industrial | ||
| 650 | |x OPERADORA DE PENSIONES COMPLEMENTARIAS DEL GRUPO FINANCIERO CUSCATLAN DE COSTA RICA |x TECNICAS |x SERVICIO AL CLIENTE |x SATISFACCION DEL CLIENTE |x CALIDAD DEL SERVICIO |x PLANES DE PENSIONES |x ASISTENCIA INSTITUCIONAL |9 7264 | ||
| 942 | |c TFG | ||
| 999 | |c 17894 |d 17894 | ||
